000
00209nam a22001097a 4500
040
_c
SY
082
_a
658
100
_a
KHIEV SOCHEAT
245
_a
Fimancial management
260
_a
RUA
_b
KHI
_c
2006
942
_c
KB
999
_c
9836
_d
9836